Statistics for UConn Basketball: Top 10 All-Time Leaders

Click here to take the quiz!

General Stats

  • This quiz has been taken 52 times
    (0 since last reset)
  • The average score is 0 of 90

Answer Stats

Category#PlayerAmount% Correct
Field Goal Percent2Adama Sanogo56.0%
0%
Blocks10Alex Oriakhi166
0%
Blocks3Amida Brimah367
0%
Points Per Game9Art Quimby17.5
0%
Rebounds1Art Quimby1,716
0%
Three Pointers Made4Ben Gordon246
0%
Points7Ben Gordon1,795
0%
Field Goal Percent9Bill Corley49.3%
0%
Rebounds7Bill Corley986
0%
Points Per Game5Bob Staak18.1
0%
Points Per Game7Caron Butler18.0
0%
Three Pointers Made5Chris Smith242
0%
Steals6Chris Smith193
0%
Points1Chris Smith2,145
0%
Steals3Christian Vital215
0%
Points10Christian Vital1,735
0%
Three Pointers Made2Christian Vital265
0%
Rebounds6Corny Thompson1,017
0%
Field Goal Percent7Corny Thompson49.4%
0%
Points6Corny Thompson1,810
0%
GamesT5Denham Brown135
0%
Field Goal Percent10Donyell Marshall48.7%
0%
Points Per Game6Donyell Marshall18.1
0%
Blocks4Donyell Marshall245
0%
Assists5Doron Sheffer559
0%
Steals5Doron Sheffer194
0%
Points Per Game10Earl Kelley16.9
0%
Field Goal Percent1Emeka Okafor59.0%
0%
Rebounds4Emeka Okafor1,091
0%
Blocks1Emeka Okafor441
0%
Field Goal Percent6Gary Custick50.4%
0%
Rebounds10Hasheem Thabeet847
0%
Blocks2Hasheem Thabeet417
0%
Blocks8Hilton Armstrong191
0%
GamesT4Isaiah Whaley138
0%
Blocks6Isaiah Whaley212
0%
Blocks7Jake Voskuhl193
0%
GamesT4Jake Voskuhl138
0%
Rebounds9Jake Voskuhl880
0%
Assists7Jalen Adams511
0%
Field Goal Percent5James Abromaitis50.9%
0%
Field Goal Percent4Jeff Adrien51.5%
0%
Rebounds3Jeff Adrien1,126
0%
Steals7Jerome Dyson188
0%
Rebounds5John Thomas1,023
0%
Blocks5Josh Boone222
0%
Assists6Karl Hobbs534
0%
Steals9Kemba Walker185
0%
Points9Kemba Walker1,783
0%
Rebounds8Kevin Freeman913
0%
Games2Kevin Freeman140
0%
Assists4Kevin Ollie619
0%
Three Pointers Made10Khalid El-Amin195
0%
Steals8Khalid El-Amin186
0%
AssistsT8Marcus Williams510
0%
Games3Niels Giffey139
0%
Three Pointers Made1Rashad Anderson276
0%
Points5Ray Allen1,922
0%
Points Per Game3Ray Allen19.0
0%
Three Pointers Made7Ray Allen233
0%
Points2Richard Hamilton2,036
0%
Points Per Game2Richard Hamilton19.8
0%
Three Pointers Made6Richard Hamilton237
0%
GamesT9Ricky Moore134
0%
AssistsT8Ricky Moore510
0%
Three Pointers Made8Rodney Purvis201
0%
Steals10Ryan Boatright180
0%
Points8Ryan Boatright1,786
0%
Assists10Ryan Boatright491
0%
Three Pointers Made9Ryan Boatright199
0%
Steals1Scott Burrell310
0%
Steals2Shabazz Napier291
0%
Points4Shabazz Napier1,959
0%
Games1Shabazz Napier143
0%
Three Pointers Made3Shabazz Napier260
0%
Assists3Shabazz Napier646
0%
GamesT9Taliek Brown134
0%
Assists1Taliek Brown722
0%
Steals4Tate George201
0%
Assists2Tate George677
0%
Points Per Game4Toby Kimball18.4
0%
Points Per Game8Tony Hanson17.9
0%
Points3Tony Hanson1,990
0%
Field Goal Percent8Tony Hanson49.4%
0%
Rebounds2Tony Kimball1,324
0%
Field Goal Percent3Tony Kimball52.0%
0%
Blocks9Travis Knight179
0%
GamesT5Tyler Olander135
0%
GamesT5Tyler Polley135
0%
Points Per Game1Wes Bialosuknia23.6
0%

Score Distribution

Percentile by Number Answered

Percent of People with Each Score

Your Score History

You have not taken this quiz since the last reset